000
00260nam a22001217a 4500
008
180919b xxu||||| |||| 00| 0 eng d
041
_a
eng
080
_a
510
100
_a
36
101
_a
MAT
245
_a
Modern Trignometry
_c
Nielsen, K.L
942
_2
udc
_c
BK
999
_c
48078
_d
48078